000
00265nam a2200085Ia 4500
245
0
_a
Blind voices : a collection of radio plays
100
_a
Moolman, Kobus Braamfontein, South Africa, 2007
_9
83584
942
_c
BK
008
210817s9999 xx 000 0 und d
999
_c
304988
_d
304986